000 00854nam a2200253Ia 4500
003 OSt
005 20220923211254.0
006 a|||||r|||| 00| 0
007 ta
008 Pun
020 _a9788178837369 (hbk)
_c375
024 _a273,818
037 _b667, 03/06/2013, H.K. Prakashan
_cTextual
040 _aARTS
_cARTS
_bPun
041 _2Pun
_aPun
082 _aO153,6x, P7
100 _aਘੁਗਿਆਣਵੀ, ਨਿੰਦਰ, ਥਦ.
245 0 _aਚੋਣਵੇ੍ਵ ਪੰਜਾਬੀ ਰੇਖਾ ਚਿਤਰ
260 _aਲੁਧਿਆਣਾ
_b ਚੇਤਨਾ ਪ੍ਰਕਾFਨ
_c2011
300 _a375ਪੰ
_ccm.
650 _aਪੰਜਾਬੀ ਸਾਹਿਤ
942 _hO153,6x, P7
_cTEXL
_2CC
999 _c298035
_d298035